000 00223 a2200109 4500
020 _a0009249021
041 _aeng
100 _aYaccarino;Dan
245 _aZoom! Zoom! Zoom! im off to the moon!
942 _cBK
952 _71
999 _c19686
_d19686